Normal view
MARC view
- O'Connor, Neil
Entry Personal Name
001 - CONTROL NUMBER
- control field: 37564
003 - CONTROL NUMBER IDENTIFIER
- control field: NUST
005 - DATE AND TIME OF LATEST TRANSACTION
- control field: 20210314130318.0
008 - FIXED-LENGTH DATA ELEMENTS
- fixed length control field: 210314|| aca||aabn | a|a d
040 ## - CATALOGING SOURCE
- Original cataloging agency: NUST
- Transcribing agency: NUST
100 ## - HEADING--PERSONAL NAME
- Personal name: O'Connor, Neil
670 ## - SOURCE DATA FOUND
- Source citation: Work cat.: (NUST): O'Connor, Neil., Present-day Russian psychology;, [1966]
